ဢၼတ်တသုတ်းယွတ်ႈ / (Record no. 26101)

000 -LEADER
fixed length control field 00852nam a22002177a 4500
003 - CONTROL NUMBER IDENTIFIER
control field OSt
005 - DATE AND TIME OF LATEST TRANSACTION
control field 20260124085858.0
008 - FIXED-LENGTH DATA ELEMENTS--GENERAL INFORMATION
fixed length control field 230621b ||||| |||| 00| 0 eng d
020 ## - INTERNATIONAL STANDARD BOOK NUMBER
International Standard Book Number 9789744019127
040 ## - CATALOGING SOURCE
Transcribing agency SSBUL
082 ## - DEWEY DECIMAL CLASSIFICATION NUMBER
Edition number 23
Classification number 294.3443
100 0# - MAIN ENTRY--PERSONAL NAME
Personal name ပူႇထီး ဝၸိတ်တထမ်မ၊
Titles and words associated with a name ၸဝ်ႈ။
245 10 - TITLE STATEMENT
Title ဢၼတ်တသုတ်းယွတ်ႈ /
Statement of responsibility, etc. ၸဝ်ႈပူႇထီး ဝၸိတ်တထမ်မ။
260 ## - PUBLICATION, DISTRIBUTION, ETC.
Place of publication, distribution, etc. ၵုင်းထဵပ်ႈ၊
Name of publisher, distributor, etc. ပေႃးရိသၢတ်ႇ ထီႇၶိဝ်ႇၽီႇ၊
Date of publication, distribution, etc. 2010 ။
300 ## - PHYSICAL DESCRIPTION
Extent 144 ၼႃႈ၊
Other physical details ပႃးႁၢင်ႈ၊
Dimensions 21 ၸိၼ်ႇတီႇ။
500 ## - GENERAL NOTE
General note S-SAT: Dr. Prof Sai Aung Tun
650 ## - SUBJECT ADDED ENTRY--TOPICAL TERM
Topical term or geographic name entry element တြႃးၽြႃးပဵၼ်ၸဝ်ႈ
942 ## - ADDED ENTRY ELEMENTS (KOHA)
Koha item type Books (Long term)
100 0# - MAIN ENTRY--PERSONAL NAME
9 (RLIN) 26463
Source of classification or shelving scheme
Source of classification or shelving scheme
Holdings
Withdrawn status Lost status Source of classification or shelving scheme Damaged status Not for loan Collection Code Permanent Location Current Location Shelving location Date acquired Total Checkouts Full call number Barcode Date last seen Price effective from Koha item type Accession
          Special Collections Shan State Buddhist University Library Shan State Buddhist University Library Special Collection Shelves 21/06/2023   294.3443 ပူႇ ႒႕႒႗ S-SAT SH00002527 21/06/2023 21/06/2023 Books (Long term) ႒႕႒႗ S-SAT

Library - 09407999929
Admin Office - 09407999979
Dean Office - 09250910768
Registrar Office - 09892297154
Email - [email protected]
Shan State Buddhist University, Phaya Phyu Taunggyi, Shan State, Myanmar.